| 000 | 00706nam a2200241Ia 4500 | ||
|---|---|---|---|
| 003 | OSt | ||
| 005 | 20220927110352.0 | ||
| 006 | a|||||r|||| 00| 0 | ||
| 007 | ta | ||
| 008 | 220926b |||||||| |||| 00| 0 eng d | ||
| 024 | _a59014 | ||
| 037 | _cReports | ||
| 040 |
_aRTL _cRTL _beng |
||
| 041 |
_2eng _aeng |
||
| 082 | _a"X62:253:N29t, G.1/GD" | ||
| 110 |
_a"BIHAR AND ORISSA, PROVINCIAL BANKING (Enquiry ) (Committee)" _9376863 |
||
| 245 | 0 | _aReport 1929-30 | |
| 300 |
_a294p _ccm. |
||
| 650 | _aBanking | ||
| 700 |
_a"BIHAR AND ORISSA, PROVINCIAL BANKING (Enquiry ) (Committee)" _9376864 |
||
| 942 |
_h"X62:253:N29t, G.1/GD" _cCC |
||
| 999 |
_c695900 _d695900 |
||